| 000 | 00430cam a2200181ua 4500 | ||
|---|---|---|---|
| 020 | _c1.50 | ||
| 041 |
_amal _h |
||
| 082 |
_a894.812301 _bVAN/VA |
||
| 100 | _aVanaphool, . | ||
| 245 |
_aVanapoolinte Kathakal / _cVanaphool. _hTextual Documents |
||
| 260 |
_aThrissur : _bCurrent Books , _c1958. |
||
| 300 | _a110 ; . | ||
| 365 | _a1.50 | ||
| 504 | _a | ||
| 942 | _cBK | ||
| 999 |
_c11374 _d11374 |
||